01017nam a22002657a 450000500170000001000130001702000220003003500130005203700160006504000120008108200160009310000240010924501160013326000400024927000630028930000200035249000650037250000500043765000450048765000280053270000240056094200250058499900190060995201230062820170124105929.0 aA-709677 a8170223393c00.00 aA-709677 bCen Lib/Ret aDPLbEN a305.56bAGR aAgrawal S. P.97718 aEducational and social uplift of bakward classes :cby S.P. Agrawal [and] J.C. Agrawalbat what cost and how? / aNew DelhibConcept Publishingc1991 aA/15-16, Commercial Block, Mohan GardenbNew Delhie110059 a288p.c22cm(Hb) aConcepts in communication information and librarianship ; 26 aIncludes bibliographical references and index aHistorical survey-Backward classes97719 aGovernment policy97720 aAgrawal, J.C.97721 2ddccENh305.56mAGR c123696d123696 00104070aLbLd2015-06-11eCen Lib/Retg0.00l0o305.56 AGRpA-709677r2015-06-11 00:00:00t1v0.00w2016-09-15yEN